00610nam a22002177a 450000500170000001000130001702000110003003500130004103700160005404000120007008200150008210000180009724500600011524600060017526000370018127000400021830000250025850000510028365000270033465000310036120170124110239.0 aA-351556 c165.00 aA-351556 bCen Lib/Ret aDPLbEN a323.4bSAR aSarkar, Amit  aSocial justice : rhetoric and reality /cby Amit Sarkar b  aDelhi bCapital law House c1988 bDelhia500/7N, pandav road e110032 avi, 308p. c22cm(Hb) aIncludes bibliographical references and index  aLaw -- Social justice  aLiberty and social justice